000
00343nam a2200145Ia 4500
008
150201s2004 xx 000 0 und d
082
_a
617.692
_b
E2004W
100
_a
WINKLER
245
_a
ESSENTIAL OF COMPLETE DENTURE
250
_a
2ND
260
_b
AITBS
_a
DELHI
_c
2004
300
_a
1-463
650
_a
PROSTHODONTICS
942
_2
ddc
_c
BK
_0
1
999
_c
3194
_d
3194